Culture générale – Thème Arts - Statistiques

Statistiques générales
  • Ce quiz a été pris 49 fois
  • Le résultat moyen est 6 sur 15
Statistiques - réponses
Questions Réponses % Correct
Quel artiste a peint la Nuit Étoilée ? Vincent Van Gogh
94%
Cite une couleur primaire. Jaune
68%
Le violet est une couleur... Secondaire
53%
Cite une 3e et dernière couleur primaire. Magenta
51%
Cite une 2e couleur primaire. Cyan
49%
Comment appelle-t-on la peinture à l'eau ? Gouache
47%
Avec quel type de peinture ? Peinture à l'huile
47%
En quelle année a-t-elle été peinte ? 1889
30%
Quel artiste a peint Mandoline et guitare ? Pablo Picasso
26%
Quel artiste utilisait uniquement du noir à travers ses œuvres, en jouant avec la lumière ? Pierre Soulages
23%
Dans quel musée l'a trouve-t-on actuellement ? MoMA
21%
Qu'obtient-on en mélangeant de la peinture bleu marine et orange ? Brun
19%
Quel est le mouvement artistique de Gustave Moreau et Odilon Redon ? Symbolisme
19%
En quelle année a-t-elle été peinte ? 1924
6%
Comment se nomme l'autoportrait de Frida Kahlo peint en 1944 ? Colonne brisée
4%
Aucun quiz correspondant
Distribution des résultats
% des personnes avec chaque résultat
Percentile par nombre de réponses
Votre historique - résultats
Vous n’avez pas pris ce quiz